Disney Characters A-Z - Statistics

General Stats
  • This quiz has been taken 171 times
  • The average score is 19 of 24
Answer Stats
Hint Answer % Correct
Fell for a beast B Belle
98%
has snow powers E Elsa
97%
Had a couple evil step sisters C Cinderella
96%
Went to war for China M Mulan
91%
Anna's awkward snowy friend O Olaf
90%
Had a long nap A Aurora
89%
Ate a cursed apple S Snow White
89%
Ariel's fishy friend F Flounder
88%
Simba's love interest N Nala
88%
The lady with the long hair R Rapunzel
88%
the sea witch that stole Ariel's voice U Ursula
86%
One of the dwarves H Happy
84%
Hercules's dad Z Zeus
84%
was good friends with a reindeer K Kristoff
81%
Was turned into a frog T Tiana
80%
Asked who the fairest in all the land is Q Queen Grimhilde
79%
Painted with the colors of the wind P Pocahontas
78%
Falls for a street rat J Jasmine
72%
Jafar's bird friend I Iago
71%
One of the above's step sisters D Drizella Tremaine
69%
the man who ate 4 dozen eggs as a lad G Gaston
69%
Kuzko's former advisor Y Yzma
60%
Made a man out of a farm girl L Li Shang
44%
Governor Ratcliffe's manservant W Wiggins
21%
No matching quizzes found
Score Distribution
Percent of People with Each Score
Percentile by Number Answered
Your Score History
You have not taken this quiz